[Event "Høstturneringen 2019"]
[Site "Ås, Akershus NOR"]
[Date "2019.10.31"]
[Round "7"]
[White "Olsen, Trygve"]
[Black "Petersen, Rune J"]
[Result "1-0"]
[WhiteElo "1498"]
[BlackElo "1202"]
[PlyCount "93"]
[EventDate "2019.08.29"]

1. e4 c5 2. c4 Nc6 3. Nf3 d6 4. d3 e5 5. Nc3 Be7 6. Nd5 Bg4 7. Be2 Bxf3 8. Bxf3
Nf6 9. Nxf6+ Bxf6 10. O-O O-O 11. Bg4 Bg5 12. b3 Bxc1 13. Qxc1 Nd4 14. Qd2 f5
15. exf5 Nxf5 16. f4 Qf6 17. fxe5 Qxe5 18. Rae1 Qd4+ 19. Kh1 Qxg4 20. Rf4 Qg6
21. g4 Nd4 22. Rxf8+ Rxf8 23. Re4 h6 24. Kg2 Nf3 25. Qe3 Ne5 (25... Nh4+ 26.
Kg1 (26. Kg3 Nf5+ 27. Kf2 Nxe3+) 26... Qf6 27. Qe2 Qa1+ 28. Qe1 Nf3+) 26. h3
Rf3 27. Qe2 Qf6 28. Rxe5 dxe5 29. Qxf3 Qxf3+ 30. Kxf3 Kf7 31. h4 Ke6 32. a3 a5
33. a4 b6 34. Ke4 g5 $2 (34... g6 $11) 35. h5 Kd6 36. Kf5 b5 37. axb5 Kc7 38.
Kg6 e4 39. dxe4 a4 40. bxa4 Kb6 41. e5 Ka5 42. e6 Kb4 43. e7 Kxc4 44. e8=Q Kb4
45. b6 c4 46. Qb5+ Kc3 47. b7 1-0

[Event "Høstturneringen 2019"]
[Site "Ski, Akershus NOR"]
[Date "2019.11.05"]
[Round "7"]
[White "Bakkerud, Balder Jonsson"]
[Black "Moberg, Jan Rune"]
[Result "0-1"]
[WhiteElo "1186"]
[BlackElo "1651"]
[Annotator "Lea, Per"]
[PlyCount "86"]
[EventDate "2019.08.29"]

1. d4 d6 2. c4 c6 3. Nc3 Nf6 4. Nf3 Nbd7 5. Bf4 Qc7 6. c5 Nh5 7. Bg3 $2 (7.
cxd6 exd6 8. Bd2 {og hvit har en mye mer harmonisk stilling}) 7... Nxg3 {
Plutselig står svart best} 8. hxg3 e5 (8... dxc5 {beholder fordelen}) 9. cxd6
Bxd6 10. e3 Nf6 11. Bd3 (11. dxe5 Bxe5 12. Nxe5 Qxe5 {med lik stilling}) 11...
Bg4 12. Rc1 exd4 13. exd4 O-O-O 14. d5 Rde8+ {De fleste ville intuitvt brukt
det andre tårnet} 15. Kf1 Bb4 $2 (15... c5 {med lik stilling}) 16. Nb5 ({Godt
tenkt, men hvorfor ikke ødelegge kongestillingen først:} 16. dxc6 bxc6 17. Nb5
Qa5 {og stedet for det naturlige} 18. Rxc6+ ({kunne hvit forsterket trykket med
} 18. Qc2 Qb6 (18... Bd7 19. a3 Be7 20. Rh4 Qb6 21. Ra4 a5 22. b4 {er enda
verre}) 19. Qxc6+ Qxc6 20. Nxa7+ Kb7 21. Nxc6)) 16... Qa5 17. a3 (17. Qb3 a6
18. a3 axb5 19. axb4 Qa4 20. Qxa4 bxa4 21. dxc6 {og hvit står best}) 17... Bxf3
18. axb4 (18. Qxf3 $1 Bd2 19. Nd6+ Kc7 20. Nxe8+ Rxe8 21. Rd1 Bg5 22. dxc6 bxc6
23. Kg1 {med en sunn kvalitet over for hvit}) 18... Bxd1 (18... Qxb5 19. Qxf3
Qxd5 {er bedre: svart risikerer ikke å ødelegge kongestillingen}) 19. bxa5 Rd8
20. Bf5+ Kb8 21. dxc6 bxc6 22. Nc3 Bb3 23. Ne4 Nxe4 24. Bxe4 Ba4 25. Ke2 Bb5+
26. Kf3 Kc7 27. Rc5 Rd6 28. Rhc1 a6 29. Bd5 Rhd8 30. Be4 g6 31. Kf4 h6 32. g4
Re8 33. Kf3 Rf6+ 34. Ke3 Rfe6 35. f3 h5 36. gxh5 $2 {Au! Der glapp et
halvpoeng som hadde fortjent å bli et helpoeng. Hvit må for enhver pris unngå
at den bundede løperen blir angrepet en gang til.} f5 37. hxg6 fxe4 38. g7 Rg6
39. fxe4 Rxg2 40. Rf5 Rxg7 41. Kd4 Rd7+ 42. Kc5 Rxe4 43. b4 Red4 0-1

[Event "Høstturneringen 2019"]
[Site "Ås, Akershus NOR"]
[Date "2019.11.07"]
[Round "8"]
[White "Kielland-Lund, Jon"]
[Black "Aamodt, Peder Marcus"]
[Result "1/2-1/2"]
[WhiteElo "1694"]
[BlackElo "1481"]
[PlyCount "78"]
[EventDate "2019.08.29"]

1. c4 e6 2. d4 Nf6 3. g3 d5 4. Nf3 c5 5. Bg2 Nc6 6. O-O dxc4 7. dxc5 Qxd1 8.
Rxd1 Bxc5 9. Nbd2 Ng4 10. Ne4 Be7 11. Nd6+ Bxd6 12. Rxd6 Ke7 13. Rd1 Rb8 14. h3
Nge5 15. Nxe5 Nxe5 16. Bf4 f6 17. a4 Bd7 18. Rd4 Rhd8 19. Bxe5 fxe5 20. Rxc4
Bc6 21. Bxc6 bxc6 22. b4 Rd2 23. e3 Rb7 24. Re1 Rb2 25. Rxc6 R2xb4 26. Ra6 R4b6
(26... R7b6 27. Ra5 {Med remistilbud}) 27. Ra5 {R} Rb4 28. Kg2 e4 29. Rd1 Rc7
30. Ra6 Kf7 31. g4 g5 32. Ra5 h6 33. Ra6 Kf6 34. Rdd6 Re7 35. Rd1 Kf7 36. Kg3
Rc7 37. h4 Re7 38. hxg5 hxg5 39. Rh1 Kg6 1/2-1/2

[Event "Høstturneringen 2019"]
[Site "Ås, Akershus NOR"]
[Date "2019.11.07"]
[Round "8"]
[White "Furnes, Torstein"]
[Black "Lea, Per"]
[Result "1-0"]
[WhiteElo "1789"]
[BlackElo "1753"]
[PlyCount "59"]
[EventDate "2019.08.29"]

1. d4 Nf6 2. c4 g6 3. Nc3 Bg7 4. e4 d6 5. Nf3 O-O 6. Be2 e5 7. O-O Nc6 8. d5
Ne7 9. Bd2 Ne8 10. Qc1 f5 11. b4 b6 12. a4 a5 13. bxa5 Rxa5 14. Bd3 Bd7 15. Nb5
Ra8 16. Bb4 c5 17. dxc6 Bxc6 18. Re1 f4 19. Qa3 Rf6 (19... Nc8) 20. Nxe5 dxe5
21. Bxe7 Qd7 22. Bxf6 Nxf6 23. Rad1 Qg4 24. f3 Qh5 25. Qd6 Be8 26. Qxb6 Rxa4
27. Ra1 Rxa1 28. Rxa1 h6 29. c5 Kh7 30. c6 1-0

[Event "Høstturneringen 2019"]
[Site "Ås, Akershus NOR"]
[Date "2019.11.07"]
[Round "8"]
[White "Moberg, Jan Rune"]
[Black "Brenden, Torbjørn"]
[Result "1/2-1/2"]
[WhiteElo "1651"]
[BlackElo "1577"]
[PlyCount "123"]
[EventDate "2019.08.29"]

1. f4 Nf6 2. e3 d5 3. Nf3 Bg4 4. Be2 Nbd7 5. b3 Bxf3 6. Bxf3 e5 7. fxe5 Nxe5 8.
Bb2 Bd6 9. O-O O-O 10. Nc3 c6 11. Ne2 Nfg4 12. Nf4 Qh4 13. h3 Nxf3+ 14. Qxf3
Ne5 15. Qh5 Qxh5 16. Nxh5 Rae8 17. Rae1 Re6 18. Re2 Re7 19. Ref2 Re6 20. Rf5 h6
21. Nf4 Ree8 22. Nh5 Re6 23. g4 b6 24. g5 hxg5 25. Rxg5 Rg6 26. h4 Rxg5+ 27.
hxg5 Re8 28. Kg2 Re6 29. Nf4 Re8 30. Kh3 Nd7 31. Nh5 Be5 32. d4 Bd6 33. Rf3 Nf8
34. c4 Ng6 (34... Nh7 35. Kg4 Re4+ 36. Nf4 Be7 37. g6 fxg6) 35. Ng3 Bxg3 36.
Kxg3 dxc4 37. bxc4 Re4 38. Bc1 Rh4 39. e4 Rxe4 40. Rd3 Kf8 41. Ba3+ Ke8 42. Bb4
f5 43. gxf6 gxf6 44. c5 Kd7 45. cxb6 axb6 46. Bc3 f5 47. a4 Kd6 48. a5 bxa5 49.
Bxa5 Kd5 50. Bb6 f4+ (50... Kc4) 51. Kf2 Kc4 52. Rd1 Ne7 53. Rc1+ Kd3 54. Kf3
Re3+ 55. Kxf4 Nd5+ 56. Kf5 Nxb6 57. Rxc6 Nd5 58. Re6 Rf3+ 59. Kg4 Rf4+ 60. Kg3
Kxd4 61. Rd6 Rf7 62. Ra6 1/2-1/2

[Event "Høstturneringen 2019"]
[Site "Ås, Akershus NOR"]
[Date "2019.11.07"]
[Round "8"]
[White "Berg-Olsen, Henrik Seljeset"]
[Black "Simonsen, Steinar"]
[Result "1-0"]
[WhiteElo "1583"]
[BlackElo "1500"]
[PlyCount "77"]
[EventDate "2019.08.29"]

1. c4 Nf6 2. Nc3 e6 3. e3 Bb4 4. a3 Bxc3 5. bxc3 O-O 6. g3 Nc6 7. Nf3 b6 8. Bg2
Ba6 9. d3 d5 10. cxd5 Nxd5 11. c4 Nde7 12. O-O Qd7 13. Qa4 Bb7 14. Ne5 Nxe5 15.
Qxd7 Nxd7 16. Bxb7 Rad8 17. Bg2 Nc5 18. d4 Nb3 19. Rb1 Nxc1 20. Rfxc1 c5 {R}
21. dxc5 bxc5 22. Rb7 Nc8 23. Rc7 Rd3 24. a4 Ra3 25. Bc6 Rd8 26. Bb5 g6 27.
Rxc5 Nb6 28. Rc7 Rd2 29. c5 Nd5 30. Rd7 Raa2 31. Rf1 Rdb2 32. c6 Nxe3 33. c7
Nxf1 34. c8=Q+ Kg7 35. Qc3+ Kh6 36. Bxf1 Rxf2 37. Qe3+ Kg7 38. Qxf2 Rxf2 39.
Kxf2 1-0

[Event "Høstturneringen 2019"]
[Site "Ås, Akershus NOR"]
[Date "2019.11.07"]
[Round "8"]
[White "Thowsen, Alf Geir"]
[Black "Larsen, Jo Ingebrigt"]
[Result "0-1"]
[WhiteElo "1396"]
[BlackElo "1527"]
[PlyCount "98"]
[EventDate "2019.08.29"]

1. d4 Nf6 2. c4 d6 3. Nf3 c6 4. e3 Bg4 5. h3 Bh5 6. Be2 Nbd7 7. Nc3 Qc7 8. Bd2
e5 9. Ng5 Bg6 10. dxe5 Nxe5 11. Nf3 Nd3+ 12. Bxd3 Bxd3 13. Bc1 Bxc4 14. b3 Ba6
15. Bb2 d5 16. a3 h6 17. Ne2 Bd6 18. O-O Qe7 19. Re1 Bxe2 20. Rxe2 O-O 21. b4
a5 22. Bc3 axb4 23. Bxb4 Bxb4 24. axb4 Rxa1 25. Qxa1 Qxb4 26. Rb2 Qc3 27. Qa2
Rb8 28. Nd4 Qc1+ 29. Kh2 Qc5 30. Rb3 Qd6+ 31. g3 Ne4 32. Qb2 Qf6 33. f4 b5 34.
Qc2 Rb6 35. Qa2 Qd8 36. Qa5 Qb8 37. Qa1 Nd6 38. Ra3 Qc7 39. Ra7 Rb7 40. Ra8+
Kh7 41. Qb1+ g6 42. Qb2 $2 Nc4 (42... Nc8 $19) 43. Qa1 f6 44. Ne6 Qe7 45. Nd4
$4 (45. Qa6 $11) 45... Qxe3 46. Nxc6 Qf2+ 47. Kh1 Ne3 $2 48. Rh8+ $1 Kxh8 49.
Qxf6+ {Så nær ....} (49. Qa8+ {er remis}) 49... Kh7 {og hvit kan bare utsette
dronningmatten på g2 ett trekk ved å ofre dronninga} 0-1

[Event "Høstturneringen 2019"]
[Site "Ås, Akershus NOR"]
[Date "2019.11.07"]
[Round "8"]
[White "Andersen, Odd"]
[Black "Bakkerud, Balder Jonsson"]
[Result "1-0"]
[WhiteElo "1745"]
[BlackElo "1186"]
[PlyCount "49"]
[EventDate "2019.08.29"]

1. e4 c5 2. d4 cxd4 3. c3 dxc3 4. Nxc3 d6 5. Bc4 e6 6. Bf4 Be7 7. Qd2 a6 8. Rd1
e5 9. Be3 b5 10. Qd5 Nc6 11. Qxf7+ Kd7 12. Be6+ Kc7 13. Nd5+ Kb8 14. Bxc8 Qxc8
15. Nb6 Qg4 16. Qe8+ Nd8 17. f3 Qxg2 18. Rc1 Bh4+ 19. Kd1 Qf1+ 20. Kd2 Be1+ 21.
Rxe1 Qg2+ 22. Ne2 Nf6 23. Qxh8 Kb7 24. Rhg1 Ne6 25. Qxa8+ 1-0

[Event "Høstturneringen 2019"]
[Site "Ås, Akershus NOR"]
[Date "2019.11.07"]
[Round "8"]
[White "Samset, Jon"]
[Black "Rønbeck, Bjørn"]
[Result "0-1"]
[WhiteElo "1386"]
[BlackElo "1585"]
[PlyCount "90"]
[EventDate "2019.08.29"]

1. e4  e5 2. d4 exd4 3. Qxd4 Nc6 4. Qd1 Bc5 5. Be3 Bxe3 6. fxe3
Qh4+ 7. g3 Qxe4 8. Nf3 Qb4+ 9. Qd2 Qxb2 10. Qc3 Qxc3+ 11. Nxc3 Nb4 12. Rc1 d6
13. Bg2 Nf6 14. O-O O-O 15. a3 Nbd5 16. Nxd5 Nxd5 17. Rce1 c6 18. Nd4 Nf6 19.
h3 Bd7 20. Rf2 Rfe8 21. e4 Nd5 22. Ref1 Ne3 23. Re1 Nxg2 24. Kxg2 g6 25. Rf6 c5
26. Rxd6 Rad8 27. Nb3 Bxh3+ 28. Kxh3 Rxd6 29. Nxc5 b6 30. Nd3 Kg7 31. e5 Rc6
32. Nb4 Rc5 33. Re2 a5 34. Nd3 Rc3 35. a4 Ra3 36. Nb2 Ra2 37. Nc4 Re6 38. Nd6
Rxa4 39. Rf2 Re7 40. Nc8 Rxe5 41. Nxb6 Rae4 42. Nd7 Re2 43. Rf4 Rh5+ 44. Kg4
Rxc2 45. Ne5 Rxe5 0-1

[Event "Høstturneringen 2019"]
[Site "Ås, Akershus NOR"]
[Date "2019.12.05"]
[Round "9"]
[White "Furnes, Torstein"]
[Black "Kielland-Lund, Jon"]
[Result "1/2-1/2"]
[WhiteElo "1789"]
[BlackElo "1694"]
[PlyCount "54"]
[EventDate "2019.08.29"]

1. d4 d5 2. c4 c6 3. cxd5 cxd5 4. Bf4 Nc6 5. e3 Bf5 6. Nc3 Nf6 7. Qb3 Na5 8.
Qa4+ Bd7 9. Qc2 e6 10. Bd3 Rc8 11. Nf3 Bb4 12. O-O O-O 13. Ne5 Ne4 14. Bxe4
dxe4 15. Qxe4 Bxc3 16. bxc3 Rxc3 17. Rac1 Bc6 18. Nxc6 Rxc6 19. Rxc6 Nxc6 20.
Rb1 Qd7 21. h4 f5 22. Qc2 Rf7 23. Qc5 Qd5 24. Qc2 h6 25. a4 a6 26. Qb3 Qxb3 27.
Rxb3 Rd7 1/2-1/2

[Event "Høstturneringen 2019"]
[Site "Ås, Akershus NOR"]
[Date "2019.12.05"]
[Round "9"]
[White "Brenden, Torbjørn"]
[Black "Aamodt, Peder Marcus"]
[Result "0-1"]
[WhiteElo "1577"]
[BlackElo "1481"]
[Annotator "Aamodt, Peder Marcus"]
[PlyCount "140"]
[EventDate "2019.08.29"]

1. d4 Nf6 2. Bf4 d5 3. e3 c6 $5 {en idè jeg har spilt en gang før i ett
remisparti mot Eivind Grunt Kreken (1793)} 4. c3 (4. c4 Qb6 5. Qc2 {fulgte det
partiet}) 4... Bf5 5. Nd2 Qb6 6. Qb3 {denne oppstillingen blir ofte sett i
London systemet når svart spiller slavisk.} g6 $146 7. h3 Nbd7 8. g4 {dette
indikerer på at Torbjørn vil spille på vinst.} Be6 9. Bg2 Bg7 10. Qc2 O-O 11.
O-O-O $6 {litt rart men helt ok.} c5 12. Ne2 c4 13. e4 Qa6 $6 {det var bedre å
slå} (13... dxe4 14. Nxe4 Bd5 15. f3 {med komplisert stilling}) 14. a3 $11 {
hvit står bedre etter 14.e5} (14. e5 Ne8 15. Kb1 b5 $14) 14... b5 15. g5 Nh5
16. Bh2 $6 {det er ikke nødvendig fordi en springer på f4 er nydelig} Nb6 17.
f4 $2 {dette er nok ikke så bra} dxe4 18. Nxe4 Nd5 {og nå står jeg bare bedre}
19. Qd2 Rfd8 20. Nc5 Qb6 21. Nxe6 fxe6 22. Bf3 {dette er desverre for tregt.}
a5 23. Bxh5 gxh5 24. Bg1 {ser greit ut, men det taper en bonde} b4 25. Qc2 bxa3
26. bxa3 Qd6 27. Qa2 {jeg blir litt grådig her.} Nxf4 $6 (27... Rab8 $1 {hadde
vært bedre}) 28. Nxf4 Qxf4+ 29. Qd2 Qe4 30. Bh2 Ra7 $5 {her kunne jeg spilt
tårnet til b8 men det fører bare til remis} (30... Rab8 31. Bxb8 Rxb8 32. Qc2
Qf4+ 33. Qd2 Qe4 34. Qc2 Qf4+ 35. Qd2 Qe4) 31. Rde1 Qg6 32. Qe3 e5 {jeg tenkte
at dette var den beste måten å miste bonden på} 33. Bxe5 Rb7 34. Qe4 Bxe5 35.
Qxg6+ hxg6 36. Rxe5 Rdb8 37. Kd2 Rf8 {og he skal hvit ha klart å redde seg} 38.
Rxa5 (38. Ke3 {hadde vært lettere, pluss at det ikke hadde gitt muligheter for
motspill}) 38... Rf3 39. Re5 $2 {personlig tror jeg dette er trekket som taper
partiet for hvit} Rd3+ 40. Kc2 Rb3 $1 {eneste trekk som "vinner"} 41. Rxe7 {
det ser ut som Torbjørn blir for grådig} Rbxc3+ 42. Kb2 Rxa3 {her truer jeg å
vinne tårn i fire trekk. 43...Tdb3+ 44. Kc2 Ta2+ 45. Kc1 Ta1+ vinner tårnet}
43. Rhe1 Rdb3+ 44. Kc2 Ra2+ 45. Kc1 Ra1+ 46. Kc2 Rxe1 47. Rxe1 Rxh3 {og her
har vi ett sluttspill som jeg tror er vunnet for svart (-1).} 48. Re8+ Kf7 49.
Rc8 c3 50. Rc7+ Ke6 51. Rc6+ Kd5 52. Rxg6 Kxd4 53. Rd6+ Ke5 54. Rc6 Kf5 $4 $11
{nå er det remis} 55. Rc5+ $4 $19 {her ifølge tablebase er g6 remis} (55. g6 $1
Rg3 56. Rxc3 Rxg6 57. Kd2 Kg4 58. Ke2 Rf6 59. Rc1 h4 60. Rf1 Ra6 61. Kf2 Ra2+
62. Kg1 Kg3 63. Re1 Ra3 64. Rd1 h3 65. Kh1 h2 66. Rd3+ Rxd3) 55... Kg6 56. Rb5
Rg3 57. Rc5 h4 58. Rc8 Kxg5 59. Kd1 Re3 60. Rg8+ Kf4 61. Rf8+ Kg3 62. Rg8+ Kh2
63. Kc1 h3 64. Kd1 Kh1 65. Kc2 h2 66. Kd1 c2+ 67. Kxc2 Re2+ 68. Kd1 Rg2 69. Re8
Kg1 70. Re1+ Kf2 0-1

[Event "Høstturneringen 2019"]
[Site "Ås, Akershus NOR"]
[Date "2019.12.05"]
[Round "9"]
[White "Andersen, Odd"]
[Black "Berg-Olsen, Henrik Seljeset"]
[Result "1-0"]
[WhiteElo "1745"]
[BlackElo "1583"]
[PlyCount "61"]
[EventDate "2019.08.29"]

1. d4 e6 2. Bf4 d6 3. Nf3 b6 4. e3 Bb7 5. Nbd2 Nd7 6. h3 g6 7. Be2 Ne7 8. Nc4
Bg7 9. Bxd6 cxd6 10. Nxd6+ Kf8 11. Ng5 Bxg2 12. Rg1 Qc7 13. Ndxf7 Qh2 14. Kd2
h6 15. Nxh8 hxg5 16. Bf3 Bxh3 17. Nxg6+ Nxg6 18. Bxa8 Qxf2+ 19. Qe2 Qxe2+ 20.
Kxe2 g4 21. Bg2 Bxd4 22. Raf1+ Bf6 23. Bxh3 gxh3 24. Rxg6 Ke7 25. Rh6 Bxb2 26.
Rh7+ Ke8 27. Rxh3 Nc5 28. Rh7 a5 29. Rb1 Na4 30. Kf3 Be5 31. Rb7 1-0

[Event "Høstturneringen 2019"]
[Site "Ås, Akershus NOR"]
[Date "2019.12.05"]
[Round "9"]
[White "Larsen, Jo Ingebrigt"]
[Black "Moberg, Jan Rune"]
[Result "1-0"]
[WhiteElo "1527"]
[BlackElo "1651"]
[PlyCount "81"]
[EventDate "2019.08.29"]

1. d4 e6 2. Bf4 b6 3. e4 Bb7 4. Bd3 d6 5. h3 h6 6. Nd2 Nd7 7. Qe2 a6 8. Ngf3 g5
9. Bh2 Bg7 10. c3 Ne7 11. Nc4 Qb8 12. Qd2 Rg8 13. O-O-O b5 14. Na5 Bc8 15. e5
Qb6 16. exd6 cxd6 17. b4 Ra7 18. Rhe1 Rc7 19. Bc2 Nd5 20. Re3 Nxe3 21. Qxe3 Nf6
22. Bb3 d5 23. Bxc7 Qxc7 24. Bc2 Nd7 25. Bb3 Nb6 26. Ne5 Bxe5 27. dxe5 Bd7 28.
Rd4 Ke7 29. Kd2 Rc8 30. h4 gxh4 31. Rxh4 Be8 32. Rxh6 d4 33. Qg5+ Kd7 34. c4
bxc4 35. Bd1 Nd5 36. Ba4+ Qc6 37. Bxc6+ Rxc6 38. Nxc6 Kxc6 39. a3 Kb5 40. Qd8
Bc6 41. Qa5# 1-0

[Event "Høstturneringen 2019"]
[Site "Ås, Akershus NOR"]
[Date "2019.12.05"]
[Round "9"]
[White "Lea, Per"]
[Black "Rønbeck, Bjørn"]
[Result "1-0"]
[WhiteElo "1753"]
[BlackElo "1585"]
[PlyCount "45"]
[EventDate "2019.08.29"]

1. e4 d5 2. exd5 Nf6 3. d4 Nxd5 4. c4 Nf6 5. Nf3 Bg4 6. Be2 e6 7. O-O c6 8. Nc3
Bd6 9. Bg5 Nbd7 10. Ne5 Bxe2 11. Qxe2 Qc7 12. f4 O-O-O 13. c5 Bxe5 14. dxe5 h6
15. Bh4 g5 16. fxg5 hxg5 17. Bxg5 Rdg8 18. Bxf6 Nxf6 19. Rxf6 Rg5 20. Raf1 Rh7
21. Qd3 (21. Ne4 Rxe5 22. Nd6+ Qxd6 23. cxd6 Rxe2 24. Rxf7 Rxf7 25. Rxf7 Rxb2)
21... Rxh2 22. Kxh2 Qxe5+ 23. g3 1-0

[Event "Høstturneringen 2019"]
[Site "Ås, Akershus NOR"]
[Date "2019.12.05"]
[Round "9"]
[White "Skaret, Runar"]
[Black "Samset, Jon"]
[Result "0-1"]
[WhiteElo "1310"]
[BlackElo "1386"]
[PlyCount "56"]
[EventDate "2019.08.29"]

1. d4 Nf6 2. Bf4 b5 3. e3 Bb7 4. Bxb5 Bxg2 5. Be2 Bxh1 6. Bf3 Bxf3 7. Qxf3 d5
8. Qg3 Na6 9. Nd2 Nh5 10. Qg4 Nxf4 11. Qxf4 Nb4 12. Kd1 e6 13. Ngf3 Bd6 14. Qg4
Qf6 15. a3 h5 16. Qh3 Nc6 17. c3 Rb8 18. b4 g5 19. Qf1 g4 20. Ne1 Bxh2 21. Qa6
Rb6 22. Qa4 Qxf2 23. b5 Bg3 24. Kc2 Ne7 25. Qxa7 O-O 26. Qa4 Qxe3 27. Nf1 Qe2+
28. Nd2 Bxe1 0-1

[Event "Høstturneringen 2019"]
[Site "Ås"]
[Date "2019.12.10"]
[Round "9"]
[White "Simonsen, Steinar"]
[Black "Olsen, Trygve"]
[Result "1-0"]
[WhiteElo "1500"]
[BlackElo "1498"]
[PlyCount "92"]

1. e4 c6 2. d4 d5 3. exd5 cxd5 4. Bb5+ Nc6 5. Nf3 a6 6. Bxc6+ bxc6 7. O-O Nf6
8. Nc3 Ne4 9. Nxe4 dxe4 10. Ne5 Qd6 11. Nc4 Qc7 12. Re1 Bf5 13. g3 e6 14. Bf4
Qd8 15. c3 a5 16. Qa4 Be7 17. Qxc6+ Kf8 18. Bd6 Bxd6 19. Nxd6 Kg8 20. Qb7 Bg6
21. Nxe4 Bxe4 22. Qxe4 Qd5 23. Qxd5 exd5 24. Re5 Rd8 25. Rae1 g6 26. Re7 Rd6
27. Ra7 Kg7 28. Ree7 Rf8 29. Red7 Rxd7 30. Rxd7 Rb8 31. b3 Rb5 32. Kf1 h5 33.
Ke2 Kf6 34. Kd3 Ke6 35. Ra7 f6 36. c4 dxc4+ 37. Kxc4 Rf5 38. Ra6+ Kd7 39. f4 g5
40. fxg5 fxg5 41. d5 Rf2 42. Rxa5 Rxh2 43. Kc5 Rc2+ 44. Kd4 Rd2+ 45. Ke5 Rd3
46. Ke4 Rxg3 {Her sluttet begge å notere. Svart vant i trekk 61} 1-0

[Event "Høstturneringen 2019"]
[Site "Ås"]
[Date "2019.12.12"]
[Round "9"]
[White "Heien, Aksel"]
[Black "Thowsen, Alf Geir"]
[Result "1-0"]
[WhiteElo "1289"]
[BlackElo "1396"]
[PlyCount "103"]

1. e4 e6 2. Nc3 Bb4 3. e5 Nc6 4. Nf3 Bxc3 5. bxc3 d5 6. Bb5 Bd7 7. Bxc6 Bxc6 8.
Ba3 Ne7 9. Nd4 Bd7 10. Qg4 Ng6 11. Nf3 b6 12. d4 h5 13. Qg5 Qxg5 14. Nxg5 f6
15. exf6 gxf6 16. Nf3 O-O-O 17. O-O Rhg8 18. Nd2 Nf4 19. g3 h4 20. Kh1 hxg3 21.
fxg3 Nh5 22. Be7 Rh8 23. Kg2 Rdg8 24. Bxf6 Nxf6 25. Rxf6 Rh5 26. Nf3 Kd8 27.
Ne5 Be8 28. Rxe6 Rgh8 29. Rh1 Rf5 30. h3 Rhf8 31. Nd3 Bb5 32. h4 Bxd3 33. cxd3
Rf2+ 34. Kh3 R2f3 35. Re5 c6 36. Rd1 Rg8 37. Rg5 Rxg5 38. hxg5 Ke7 39. Kg4 Rf2
40. Re1+ Kf7 41. g6+ Kxg6 42. Re6+ Rf6 43. Rxf6+ Kxf6 44. Kf4 a6 45. g4 a5 46.
g5+ Kg6 47. Ke5 Kxg5 48. Kd6 Kf4 49. Kxc6 a4 50. Kxd5 Ke3 51. Ke5 Kxd3 52. d5
1-0